[Event "Titled Tue 1st Jul Late"]
[Site "chess.com INT"]
[Date "2025.07.01"]
[Round "2"]
[White "Sobek, Jaroslav"]
[Black "Titichoca Daza, Daniel"]
[Result "0-1"]
[WhiteTitle "FM"]
[BlackTitle "CM"]
[WhiteElo "2195"]
[BlackElo "2126"]
[WhiteFideId "301388"]
[BlackFideId "3309550"]
[EventDate "2025.07.01"]

1. d4 Nf6 2. c4 d6 3. Nf3 g6 4. Nc3 Bf5 5. e3 Bg7 6. Bd3 Bxd3 7. Qxd3 O-O 8. O-O
c5 9. b4 cxb4 10. Ne2 Nc6 11. a3 e5 12. Ng3 Re8 13. d5 e4 14. Nxe4 Nxe4 15. dxc6
Bxa1 16. cxb7 Rb8 17. axb4 Rxb7 18. Ba3 Bf6 19. Rd1 Qc7 20. h3 Rbb8 21. Nd4 Rbc8
22. Rc1 a6 23. Bb2 Qb6 24. f3 Nc5 25. Qd1 Rxe3 26. bxc5 Qxb2 27. Nc2 Rc3 28.
cxd6 R8xc4 29. d7 Rxc2 30. Rxc2 Rxc2 31. d8=Q+ Bxd8 32. Qxd8+ Kg7 33. Qg5 Qc1+ 0-1

[Event "Titled Tue 1st Jul Late"]
[Site "chess.com INT"]
[Date "2025.07.01"]
[Round "2"]
[White "Zhukovskyi, Oleksandr"]
[Black "Szpar, Milosz"]
[Result "0-1"]
[WhiteTitle "CM"]
[BlackTitle "IM"]
[WhiteElo "2145"]
[BlackElo "2495"]
[WhiteFideId "14169371"]
[BlackFideId "1184989"]
[EventDate "2025.07.01"]

1. b3 d5 2. Bb2 Bg4 3. Nf3 Nd7 4. e3 e6 5. Be2 Ngf6 6. c4 Bd6 7. Nc3 O-O 8. O-O
c6 9. d4 Qb8 10. h3 Bh5 11. cxd5 exd5 12. Ne1 Bg6 13. Nd3 Re8 14. Nb1 Ne4 15.
Bg4 Ndf6 16. Bf3 Qd8 17. Ne5 Nd7 18. Nxd7 Qxd7 19. Nd2 Ng5 20. Bg4 f5 21. Bh5 f4
22. Bxg6 hxg6 23. exf4 Bxf4 24. Nf3 Nxh3+ 25. gxh3 Qxh3 26. Bc1 Re4 27. Re1 Bxc1
28. Rxe4 dxe4 29. Rxc1 exf3 30. Qf1 Qg4+ 31. Kh2 Kf7 0-1

[Event "Titled Tue 1st Jul Late"]
[Site "chess.com INT"]
[Date "2025.07.01"]
[Round "2"]
[White "Romany, Joy"]
[Black "Vijayakumar, Rishi"]
[Result "0-1"]
[WhiteTitle "WIM"]
[BlackTitle "FM"]
[WhiteElo "1960"]
[BlackElo "2333"]
[WhiteFideId "10656820"]
[BlackFideId "2408953"]
[EventDate "2025.07.01"]

1. d4 Nf6 2. c4 e6 3. Nf3 d5 4. g3 Be7 5. Bg2 O-O 6. O-O dxc4 7. Nc3 Nc6 8. e3
Rb8 9. a4 a6 10. Nd2 Na5 11. Nce4 Nxe4 12. Nxe4 Bd7 13. Bd2 Nb3 14. Rb1 Bxa4 15.
Qe1 Bc6 16. Bc3 b5 17. f4 Bd5 18. f5 exf5 19. Rxf5 c6 20. Rf4 f5 21. Nf2 b4 22.
Bxd5+ cxd5 23. Bd2 Bg5 24. Rf3 g6 25. Nh3 Bh6 26. Nf4 Qd7 27. Rf1 Rbe8 28. Qf2
a5 29. Qg2 Re4 30. g4 Bxf4 31. Rxf4 Rxf4 32. exf4 Re8 33. gxf5 Qxf5 34. Rf1 Nxd4
35. Be3 Rxe3 0-1

[Event "Titled Tue 1st Jul Late"]
[Site "chess.com INT"]
[Date "2025.07.01"]
[Round "2"]
[White "Watanabe, Akira"]
[Black "Azamikia, Mehran"]
[Result "0-1"]
[WhiteTitle "FM"]
[BlackTitle "CM"]
[WhiteElo "2284"]
[BlackElo "2130"]
[WhiteFideId "7000227"]
[BlackFideId "12502502"]
[EventDate "2025.07.01"]

1. d4 d5 2. c4 dxc4 3. e3 e5 4. Bxc4 exd4 5. exd4 Bd6 6. Nc3 Nf6 7. Nf3 O-O 8.
O-O Nc6 9. h3 h6 10. a3 Bf5 11. Nb5 a6 12. Nxd6 Qxd6 13. Be3 Rad8 14. Rc1 Be4
15. Nd2 Nxd4 16. Nxe4 Nxe4 17. Qd3 Nc5 18. Qxd4 Qxd4 19. Bxd4 Rxd4 20. Bxf7+
Rxf7 21. Rxc5 Rd2 22. b4 Rd3 23. a4 Rb3 24. b5 axb5 25. Rxb5 Rxb5 26. axb5 Kf8
27. Re1 Re7 28. Rxe7 Kxe7 29. g4 g5 30. Kg2 Kd6 31. Kf3 Ke5 32. Ke3 c6 33. bxc6
bxc6 34. f3 c5 0-1

[Event "Titled Tue 1st Jul Late"]
[Site "chess.com INT"]
[Date "2025.07.01"]
[Round "2"]
[White "Kurpiewski, Slawomir"]
[Black "Beyer, Lorenz"]
[Result "0-1"]
[WhiteTitle "CM"]
[BlackTitle "CM"]
[WhiteElo "1973"]
[BlackElo "2226"]
[WhiteFideId "1114530"]
[BlackFideId "16245393"]
[EventDate "2025.07.01"]

1. f4 d5 2. Nf3 Nf6 3. g3 c5 4. Bg2 Nc6 5. d3 g6 6. O-O Bg7 7. c3 O-O 8. Na3 Bg4
9. Qc2 a6 10. e4 dxe4 11. dxe4 Rc8 12. h3 Bxf3 13. Bxf3 b5 14. Rd1 Qb6 15. Qf2
b4 16. Nc4 Qb5 17. Qe2 Na5 18. b3 Nxc4 19. bxc4 Qa5 20. cxb4 cxb4 21. Be3 Ne8
22. e5 Nc7 23. Rac1 Ne6 24. Bd5 Nc5 25. Qf2 e6 26. Bf3 Rfe8 27. Rd6 Bf8 28. Rc6
Rxc6 29. Bxc6 Rc8 30. Bf3 Nd3 31. Qc2 Nxc1 32. Bxc1 Qc5+ 33. Kf1 Qxc4+ 34. Qxc4
Rxc4 35. Be3 Rc3 36. Ke2 Rc2+ 37. Kd3 Rxa2 38. g4 Ra3+ 39. Ke4 b3 40. Bd1 b2 41.
Bc2 Rc3 42. Bb1 Rc1 0-1

[Event "Titled Tue 1st Jul Late"]
[Site "chess.com INT"]
[Date "2025.07.01"]
[Round "2"]
[White "Kochetkov, German"]
[Black "Araujo Filho, Luiz Antonio Coel"]
[Result "1-0"]
[WhiteTitle "IM"]
[WhiteElo "2277"]
[BlackElo "2077"]
[WhiteFideId "13500635"]
[BlackFideId "2130661"]
[EventDate "2025.07.01"]

1. f4 f5 2. Nf3 Nf6 3. g3 g6 4. Bg2 Bg7 5. d3 O-O 6. e4 d6 7. e5 Ne8 8. d4 c6 9.
O-O d5 10. Be3 e6 11. c4 Nc7 12. b3 Qe7 13. a4 Nd7 14. Nc3 a6 15. c5 h6 16. b4
Re8 17. Qd3 Nf8 18. a5 Nh7 19. Na4 g5 20. Nb6 Rb8 21. fxg5 hxg5 22. h4 Bh6 23.
Qd2 f4 24. gxf4 gxh4 25. Ng5 Rf8 26. Bh3 Nxg5 27. fxg5 Bg7 28. Rf6 Ne8 29. Nxc8
Rxc8 30. Bxe6+ Kh8 31. Bxc8 Bxf6 32. gxf6 Qh7 33. Bh3 Rg8+ 34. Kh2 Rg3 35. Rg1
Qc7 36. Rxg3 1-0

[Event "Titled Tue 1st Jul Late"]
[Site "chess.com INT"]
[Date "2025.07.01"]
[Round "2"]
[White "Kharitonov, Sergei"]
[Black "Cruz Mendez, Jean Marco"]
[Result "0-1"]
[WhiteTitle "CM"]
[BlackTitle "FM"]
[WhiteElo "2014"]
[BlackElo "2222"]
[WhiteFideId "4129750"]
[BlackFideId "3526402"]
[EventDate "2025.07.01"]

1. e4 c5 2. Nf3 e6 3. d4 cxd4 4. Nxd4 Nf6 5. Bd3 Nc6 6. Nxc6 bxc6 7. Nd2 d5 8.
O-O Be7 9. Re1 O-O 10. c4 a5 11. cxd5 cxd5 12. e5 Nd7 13. Nb3 Ba6 14. Nd4 Bxd3
15. Qxd3 Qb6 16. Nf3 Qa6 17. Qe3 Rac8 18. Qf4 Rc4 19. Nd4 Bc5 20. Be3 Qb6 21.
Rad1 Qxb2 22. Rb1 Qa3 23. Rb7 Qa4 24. Qh4 Bxd4 25. Bh6 gxh6 26. Qg3+ Kh8 0-1

[Event "Titled Tue 1st Jul Late"]
[Site "chess.com INT"]
[Date "2025.07.01"]
[Round "2"]
[White "Cuevas Araya, Walter"]
[Black "Grzesik, Gracjan"]
[Result "0-1"]
[WhiteTitle "FM"]
[BlackTitle "CM"]
[WhiteElo "2052"]
[BlackElo "2175"]
[WhiteFideId "3405028"]
[BlackFideId "1194593"]
[EventDate "2025.07.01"]

1. e4 c5 2. d4 cxd4 3. c3 d3 4. Bxd3 Nc6 5. c4 d6 6. Nc3 g6 7. Nge2 Bg7 8. Be3
Nf6 9. f3 O-O 10. O-O Nd7 11. Qd2 Nc5 12. Rac1 Nxd3 13. Qxd3 Bd7 14. Nd5 Be6 15.
b3 Bxd5 16. cxd5 Ne5 17. Qd2 a5 18. Nd4 a4 19. b4 Qd7 20. h3 Rfc8 21. f4 Nc4 22.
Qd3 Nxe3 23. Qxe3 a3 24. f5 Qa4 25. fxg6 hxg6 26. Qf2 Rxc1 27. Rxc1 Qxb4 28. Nf3
Qxe4 29. Re1 Qxd5 30. Rxe7 b5 31. Kh1 b4 32. Ng5 Rf8 33. Qh4 Qd1+ 34. Re1 Qh5
35. Qxh5 gxh5 36. Rb1 Bb2 37. Ne4 b3 38. axb3 a2 39. Rxb2 a1=Q+ 40. Kh2 Qxb2 41.
Nxd6 Qe5+ 0-1

[Event "Titled Tue 1st Jul Late"]
[Site "chess.com INT"]
[Date "2025.07.01"]
[Round "2"]
[White "Brancaleoni, Maurizio"]
[Black "Tan, Zhongyi"]
[Result "0-1"]
[WhiteTitle "FM"]
[BlackTitle "GM"]
[WhiteElo "2185"]
[BlackElo "2546"]
[WhiteFideId "803022"]
[BlackFideId "8603642"]
[EventDate "2025.07.01"]

1. Nf3 d5 2. d4 Nf6 3. c4 e6 4. g3 dxc4 5. Bg2 c5 6. O-O Nc6 7. dxc5 Qxd1 8.
Rxd1 Bxc5 9. Nbd2 c3 10. bxc3 O-O 11. Nb3 Be7 12. Nfd4 Bd7 13. Nxc6 Bxc6 14.
Bxc6 bxc6 15. c4 Rfc8 16. Bg5 Rab8 17. Rab1 Rb4 18. Na5 Ra4 19. Rb7 Rxa5 20.
Rxe7 Rxg5 21. Rc7 Rf8 22. Rxc6 Ra5 23. Rd2 g5 24. f3 Rb8 25. Kf2 g4 26. Ke3 Rh5
27. Ra6 Rb7 28. Rd8+ Kg7 29. Ra8 Rc7 30. Ra4 a5 31. Kd3 gxf3 32. exf3 Rxh2 33.
R8xa5 Nd7 34. Ke3 Rc2 35. Kd3 Rg2 36. Rg5+ Kf6 37. Raa5 Rxa2 38. Rab5 Ra4 39.
Rg4 Ne5+ 0-1

[Event "Titled Tue 1st Jul Late"]
[Site "chess.com INT"]
[Date "2025.07.01"]
[Round "2"]
[White "Niemann, Hans Moke"]
[Black "Krishnan, Varun"]
[Result "1-0"]
[WhiteTitle "GM"]
[BlackTitle "IM"]
[WhiteElo "2736"]
[BlackElo "2370"]
[WhiteFideId "2093596"]
[BlackFideId "5054508"]
[EventDate "2025.07.01"]

1. e4 c5 2. Nf3 Nc6 3. Bb5 e6 4. O-O Nge7 5. Re1 a6 6. Bf1 d5 7. d3 g6 8. e5 Bg7
9. c3 O-O 10. d4 Qc7 11. Na3 b5 12. Nc2 f6 13. exf6 Bxf6 14. Bh6 Rf7 15. Ng5
Bxg5 16. Bxg5 c4 17. a4 Rb8 18. axb5 axb5 19. Qd2 Nf5 20. Bf4 Nd6 21. g3 Bd7 22.
Bh3 Rbf8 23. Bxe6 Bxe6 24. Rxe6 Rxf4 25. gxf4 Ne4 26. Qe3 Rxf4 27. Rxc6 Rg4+ 28.
Kh1 Qxc6 29. f3 Rh4 30. fxe4 Rxe4 31. Qf3 Qe8 32. Rf1 Re2 33. Nb4 Rxb2 34. Nxd5
Qb8 35. Qf7+ Kh8 36. Qf6+ 1-0

[Event "Titled Tue 1st Jul Late"]
[Site "chess.com INT"]
[Date "2025.07.01"]
[Round "2"]
[White "Herpai, Jozsef Matyas"]
[Black "Mahdavi, Reza"]
[Result "0-1"]
[WhiteTitle "CM"]
[BlackTitle "IM"]
[WhiteElo "2056"]
[BlackElo "2454"]
[WhiteFideId "786179"]
[BlackFideId "12595926"]
[EventDate "2025.07.01"]

1. e4 c5 2. Nf3 d6 3. d4 cxd4 4. Nxd4 Nf6 5. Nc3 a6 6. Rg1 b5 7. g4 Bb7 8. g5
Nfd7 9. Be3 g6 10. Qd2 Bg7 11. O-O-O Nc6 12. Kb1 Na5 13. Nd5 Rc8 14. f4 Nc5 15.
Bd3 Nc4 16. Bxc4 bxc4 17. Qg2 Rb8 18. f5 Bxd5 19. exd5 Qb6 20. c3 Na4 21. f6
exf6 22. gxf6 Bxf6 23. Rge1 O-O 24. Nf5 Qxb2+ 25. Qxb2 Rxb2+ 26. Ka1 gxf5 0-1

[Event "Titled Tue 1st Jul Late"]
[Site "chess.com INT"]
[Date "2025.07.01"]
[Round "2"]
[White "Toropov, Pavel"]
[Black "Marcziter, Dmitrii"]
[Result "0-1"]
[WhiteTitle "FM"]
[BlackTitle "FM"]
[WhiteElo "2308"]
[BlackElo "2208"]
[WhiteFideId "24129178"]
[BlackFideId "13900765"]
[EventDate "2025.07.01"]

1. e4 c5 2. Nf3 a6 3. c4 e6 4. d4 cxd4 5. Nxd4 Nf6 6. Nc3 Qc7 7. Be2 b6 8. O-O
Bb7 9. f3 Nc6 10. Be3 Ne5 11. b3 b5 12. Rc1 b4 13. Na4 Ng6 14. c5 h5 15. Qd2 h4
16. h3 Nh5 17. Qxb4 Rc8 18. Qb6 Qb8 19. Bxa6 Bxa6 20. Qxa6 Be7 21. c6 d5 22. Nb6
Rc7 23. Nb5 O-O 24. Nxc7 Qxc7 25. Qb7 Qg3 26. Rc2 Nhf4 27. Bxf4 Nxf4 28. Qxe7
Nxh3+ 29. Kh1 Nf4 30. Nd7 Ra8 31. c7 h3 32. c8=Q+ Rxc8 33. Rxc8+ Kh7 34. Nf8+
Kh6 35. Rc2 hxg2+ 36. Kg1 Nh3# 0-1

[Event "Titled Tue 1st Jul Late"]
[Site "chess.com INT"]
[Date "2025.07.01"]
[Round "2"]
[White "Povshednyi, Ivan"]
[Black "Gonzalez Mojica, Renan Arturo"]
[Result "1-0"]
[WhiteTitle "FM"]
[BlackTitle "FM"]
[WhiteElo "2309"]
[BlackElo "2098"]
[WhiteFideId "14190907"]
[BlackFideId "4482379"]
[EventDate "2025.07.01"]

1. Nf3 d6 2. d4 Nf6 3. g3 g6 4. Bg2 Bg7 5. O-O O-O 6. Re1 d5 7. c4 c6 8. Qb3 Na6
9. Nc3 dxc4 10. Qxc4 Be6 11. Qa4 Nd5 12. e4 Nxc3 13. bxc3 c5 14. Ba3 Re8 15.
Rad1 Bxa2 16. Bxc5 Nxc5 17. dxc5 Qc7 18. Qxa2 Qxc5 19. e5 Qxc3 20. Rd7 b5 21.
Rb1 b4 22. Rxa7 Rxa7 23. Qxa7 Bxe5 24. Nxe5 Qxe5 25. Qd7 Rb8 26. Qd3 Qc5 27. Bf3
e6 28. Kg2 Rb7 29. Bxb7 1-0

[Event "Titled Tue 1st Jul Late"]
[Site "chess.com INT"]
[Date "2025.07.01"]
[Round "2"]
[White "Salinas Herrera, Pablo"]
[Black "Noroozi, Omid"]
[Result "1-0"]
[WhiteTitle "GM"]
[BlackTitle "IM"]
[WhiteElo "2447"]
[BlackElo "2266"]
[WhiteFideId "3407128"]
[BlackFideId "12501190"]
[EventDate "2025.07.01"]

1. e4 c5 2. Nf3 d6 3. Bb5+ Nd7 4. a4 a6 5. Be2 Ngf6 6. Nc3 g6 7. O-O Bg7 8. a5
O-O 9. d3 b5 10. axb6 Nxb6 11. Be3 Bb7 12. Qd2 e5 13. Bg5 Qc7 14. b3 Ne8 15. Ra2
f5 16. exf5 gxf5 17. Na4 Nxa4 18. Rxa4 Qf7 19. Rh4 Qg6 20. Rh3 f4 21. Qa5 h6 22.
Bd8 Bc8 23. Rh4 Nf6 24. Be7 Rf7 25. Bxd6 e4 26. dxe4 Nxe4 27. Bxf4 Bg4 28. Bg3
Bf6 29. Rxg4 Qxg4 30. Bc4 Rf8 31. Qxa6 h5 32. h3 Qg6 33. Ne5 Qf5 34. Nxf7 Rxf7
35. Qb7 Bd4 36. Bxf7+ Qxf7 37. Qxe4 1-0

[Event "Titled Tue 1st Jul Late"]
[Site "chess.com INT"]
[Date "2025.07.01"]
[Round "2"]
[White "Luong Phuong Hanh"]
[Black "Mardov, Dimitar"]
[Result "0-1"]
[WhiteTitle "WIM"]
[BlackTitle "IM"]
[WhiteElo "2121"]
[BlackElo "2506"]
[WhiteFideId "12401013"]
[BlackFideId "30919495"]
[EventDate "2025.07.01"]

1. d4 b6 2. Nf3 Bb7 3. Nc3 Nf6 4. e3 e6 5. Bd3 Bb4 6. O-O O-O 7. Bd2 c5 8. Qe2
Nc6 9. dxc5 bxc5 10. e4 Nd4 11. Nxd4 cxd4 12. Nb5 Bxd2 13. Qxd2 Qb6 14. e5 Ne4
15. Bxe4 Bxe4 16. Qxd4 Qc6 17. Nd6 Bxg2 18. Qc3 Qxc3 19. bxc3 Bxf1 20. Kxf1 Rab8
21. Ke2 Rb6 22. Kd3 f6 23. Nc4 Rc6 24. Rb1 Rc7 25. f4 Kf7 26. Nd6+ Ke7 27. Rg1
g6 28. Rg3 fxe5 29. fxe5 Rc5 30. Kd4 Rd5+ 31. Ke4 Rf1 32. Nc4 Rf2 33. Rh3 h5 34.
Ne3 Ra5 35. Rg3 Kf7 36. Nc4 Rxa2 37. Nd6+ Kg7 38. Ne8+ Kh6 39. Nf6 Raxc2 40. Kd3
Rcd2+ 41. Kc4 Rxh2 42. Nxd7 Rxd7 0-1

[Event "Titled Tue 1st Jul Late"]
[Site "chess.com INT"]
[Date "2025.07.01"]
[Round "2"]
[White "Ciocan, Maria-Alexandra"]
[Black "Jimenez Salas, Maria Teresa"]
[Result "0-1"]
[BlackTitle "WIM"]
[WhiteElo "1998"]
[BlackElo "2170"]
[WhiteFideId "1227130"]
[BlackFideId "3843866"]
[EventDate "2025.07.01"]

1. e4 c5 2. Nf3 Nc6 3. Bb5 e6 4. O-O Nge7 5. Re1 a6 6. Bf1 d5 7. d3 d4 8. Bf4
Ng6 9. Bg3 e5 10. Nbd2 Bd6 11. a4 O-O 12. Nc4 Bc7 13. h4 f6 14. h5 Nge7 15. Nh4
Rb8 16. Bh2 Be6 17. Nd2 b5 18. axb5 axb5 19. Be2 Ra8 20. Rxa8 Qxa8 21. Bg4 Bf7
22. Rf1 Qa2 23. b3 Nb4 24. Nf5 Nxf5 25. Bxf5 Qxc2 26. Qe2 Qxd3 27. Qe1 Nc2 28.
Qc1 c4 29. bxc4 bxc4 30. h6 g6 31. Bg4 c3 32. Nf3 Bc4 33. Rd1 Qxe4 34. Nh4 Qxg4
35. Qxc2 Qxh4 36. Rb1 Qxh6 37. Rb7 Qd2 38. Qb1 c2 0-1

[Event "Titled Tue 1st Jul Late"]
[Site "chess.com INT"]
[Date "2025.07.01"]
[Round "2"]
[White "Sharankov, Grigory"]
[Black "Garcia Hernandez, Rebeca"]
[Result "1-0"]
[WhiteTitle "CM"]
[BlackTitle "WCM"]
[WhiteElo "2238"]
[BlackElo "1904"]
[WhiteFideId "4168356"]
[BlackFideId "5180872"]
[EventDate "2025.07.01"]

1. d4 d5 2. c4 c6 3. Nf3 Nf6 4. e3 g6 5. Nc3 Bg7 6. Be2 O-O 7. O-O Nbd7 8. cxd5
Nxd5 9. Nxd5 cxd5 10. Bd2 e5 11. dxe5 Nxe5 12. Bc3 Nxf3+ 13. Bxf3 Bxc3 14. bxc3
Be6 15. Qd4 Qa5 16. Rfd1 Rac8 17. h4 h5 18. Rac1 a6 19. Qf6 Qxa2 20. g4 hxg4 21.
h5 gxh5 22. Qg5+ Kh7 23. Qxh5+ Kg7 24. Qg5+ Kh7 25. Kg2 gxf3+ 26. Kxf3 1-0

[Event "Titled Tue 1st Jul Late"]
[Site "chess.com INT"]
[Date "2025.07.01"]
[Round "2"]
[White "Vigoa Apecheche, Yanira"]
[Black "Stalmach, Richard"]
[Result "0-1"]
[WhiteTitle "WGM"]
[BlackTitle "IM"]
[WhiteElo "2232"]
[BlackElo "2444"]
[WhiteFideId "3507041"]
[BlackFideId "372048"]
[EventDate "2025.07.01"]

1. d4 Nf6 2. Bg5 c5 3. d5 Qb6 4. Nc3 d6 5. e4 a6 6. Rb1 Nbd7 7. f4 h6 8. Bh4 Qa5
9. Qd2 b5 10. Bxf6 gxf6 11. Nf3 b4 12. Ne2 Qxa2 13. Qc1 Qa5 14. b3 Qc7 15. Ng3
h5 16. Nh4 Nb6 17. Nhf5 h4 18. Ne2 Bxf5 19. exf5 Qd7 20. g4 hxg3 21. Nxg3 Rh4
22. Bg2 Qb5 23. Bf1 c4 24. bxc4 Qc5 25. Qd2 Bh6 26. Qxb4 Qe3+ 27. Be2 Bxf4 28.
Qxb6 Bxg3+ 29. Kd1 Rd4+ 30. Bd3 Bf4 31. Qc6+ Kf8 32. Qxa8+ Kg7 33. Rg1+ Qxg1+
34. Ke2 Qg2+ 35. Ke1 Bd2+ 36. Kd1 Be3 0-1

[Event "Titled Tue 1st Jul Late"]
[Site "chess.com INT"]
[Date "2025.07.01"]
[Round "2"]
[White "Yang, Larry"]
[Black "Wu, Derek"]
[Result "1-0"]
[BlackTitle "FM"]
[WhiteElo "2017"]
[BlackElo "2232"]
[WhiteFideId "2637618"]
[BlackFideId "30914558"]
[EventDate "2025.07.01"]

1. e4 d6 2. d4 Nf6 3. Nc3 e5 4. Nf3 Nbd7 5. Bc4 Be7 6. Ng5 O-O 7. Bxf7+ Rxf7 8.
Ne6 Qe8 9. Nxc7 Qd8 10. Nxa8 b5 11. Nxb5 Qa5+ 12. Nc3 Nxe4 13. O-O Nxc3 14. bxc3
Bb7 15. Qg4 Nf6 16. Qe6 Bd5 17. Qc8+ Rf8 18. Qc7 Qa6 19. Qxe7 Bxa8 20. dxe5 Qc6
21. f3 dxe5 22. Bg5 Nd5 23. Qxe5 Nxc3 24. Rae1 Kh8 25. Kh1 h6 26. Bc1 Nd5 27.
Bb2 Nf6 28. Qe7 Rg8 29. Bxf6 gxf6 30. Re6 Qxc2 31. Qxf6+ Rg7 32. Qxh6+ Kg8 33.
Re8+ Kf7 34. Qe6# 1-0

[Event "Titled Tue 1st Jul Late"]
[Site "chess.com INT"]
[Date "2025.07.01"]
[Round "2"]
[White "Moghaddamian, Afshin"]
[Black "Sailer, Mike"]
[Result "1-0"]
[WhiteTitle "CM"]
[WhiteElo "2126"]
[BlackElo "2108"]
[WhiteFideId "12503886"]
[BlackFideId "2012901"]
[EventDate "2025.07.01"]

1. Nf3 d5 2. g3 Nf6 3. Bg2 Bf5 4. O-O e6 5. c4 c6 6. cxd5 exd5 7. d3 Be7 8. Nc3
O-O 9. Qc2 Nbd7 10. e4 Bg6 11. Nh4 Re8 12. Nxg6 hxg6 13. exd5 Nxd5 14. Nxd5 cxd5
15. Bxd5 Qb6 16. Be3 Bc5 17. d4 Bf8 18. Qb3 Qf6 19. Qxb7 Nb6 20. Bg2 Nc4 21. Qb3
Rac8 22. Bf4 g5 23. Be3 Qg6 24. Bd5 Nxe3 25. fxe3 Re7 26. Rf2 Rce8 27. Raf1 Kh8
28. Bxf7 Qe4 29. Bxe8 1-0

[Event "Titled Tue 1st Jul Late"]
[Site "chess.com INT"]
[Date "2025.07.01"]
[Round "2"]
[White "Manukyan, Artyom"]
[Black "Piliposyan, Robert"]
[Result "0-1"]
[WhiteTitle "CM"]
[BlackTitle "IM"]
[WhiteElo "2121"]
[BlackElo "2416"]
[WhiteFideId "13305786"]
[BlackFideId "13309978"]
[EventDate "2025.07.01"]

1. e4 Nf6 2. e5 Nd5 3. d4 d6 4. Nf3 g6 5. Bc4 Nb6 6. Bb3 Bg7 7. a4 a5 8. exd6
cxd6 9. O-O O-O 10. h3 Nc6 11. c3 Bf5 12. Na3 e5 13. Bg5 Bf6 14. Bxf6 Qxf6 15.
dxe5 dxe5 16. Qe2 Rad8 17. Rad1 e4 18. Nh2 Ne5 19. Ng4 Bxg4 20. hxg4 Qf4 21.
Rde1 Nxg4 22. g3 Qg5 23. Qxe4 Qh5 24. Qg2 Rd2 25. Nc4 Nxc4 26. Bxc4 Ne5 27. Bd5
Rxd5 0-1

[Event "Titled Tue 1st Jul Late"]
[Site "chess.com INT"]
[Date "2025.07.01"]
[Round "2"]
[White "Manvelyan, Mikayel"]
[Black "Patel, Maahir M"]
[Result "0-1"]
[WhiteTitle "FM"]
[WhiteElo "2362"]
[BlackElo "2106"]
[WhiteFideId "13310143"]
[BlackFideId "30995612"]
[EventDate "2025.07.01"]

1. e4 c5 2. Nf3 Nc6 3. d4 cxd4 4. Nxd4 Nf6 5. Nc3 e5 6. Ndb5 d6 7. Nd5 Nxd5 8.
exd5 Ne7 9. c4 Ng6 10. Be2 Be7 11. O-O O-O 12. Be3 a6 13. Nc3 f5 14. f3 Bg5 15.
Bf2 Bh4 16. g3 Be7 17. b4 f4 18. Ne4 Bf5 19. Bd3 h5 20. c5 Nh8 21. cxd6 Bxd6 22.
Nxd6 Qxd6 23. Bc5 Qg6 24. Bc4 fxg3 25. Bxf8 gxh2+ 26. Kxh2 Rxf8 27. Rg1 Qh6 28.
Qc1 Qd6 29. Qg5 Bg6 30. Kg2 Rf4 31. Bb3 Nf7 32. Qg3 h4 33. Qf2 Ng5 34. Raf1 Rxf3
35. Qxh4 Qf6 36. Rxf3 Qxf3+ 37. Kh2 Qe2+ 38. Kg3 Ne4+ 39. Kh3 Bf5+ 40. Rg4 Nf2+
41. Kg2 Nxg4+ 42. Kg3 Qf2+ 43. Kh3 Qh2# 0-1

[Event "Titled Tue 1st Jul Late"]
[Site "chess.com INT"]
[Date "2025.07.01"]
[Round "2"]
[White "Romero Ruscalleda, Josep"]
[Black "Przybylski, Bartosz"]
[Result "1-0"]
[WhiteTitle "FM"]
[BlackTitle "CM"]
[WhiteElo "2110"]
[BlackElo "2101"]
[WhiteFideId "2231859"]
[BlackFideId "21878323"]
[EventDate "2025.07.01"]

1. e4 d6 2. d4 Nf6 3. Nc3 e5 4. Nf3 exd4 5. Nxd4 Be7 6. Be3 O-O 7. h3 d5 8. exd5
Nxd5 9. Nxd5 Qxd5 10. Qf3 Qa5+ 11. Bd2 Qb6 12. Bc3 Bf6 13. O-O-O Rd8 14. Bc4 Bd7
15. Rhe1 Nc6 16. Nxc6 Bxc6 17. Qf4 Bxc3 18. Qxf7+ Kh8 19. Rxd8+ Rxd8 20. bxc3
Qc5 21. Re7 Qg5+ 22. f4 Qxg2 23. Rxc7 h6 24. Kb2 a5 25. f5 Qg5 26. h4 Qg1 27. f6
Qb6+ 28. Bb3 1-0

[Event "Titled Tue 1st Jul Late"]
[Site "chess.com INT"]
[Date "2025.07.01"]
[Round "2"]
[White "Wartiovaara, Oliver"]
[Black "Danzer, George"]
[Result "1-0"]
[WhiteTitle "FM"]
[BlackTitle "CM"]
[WhiteElo "2323"]
[BlackElo "2172"]
[WhiteFideId "513024"]
[BlackFideId "4659465"]
[EventDate "2025.07.01"]

1. e4 c5 2. Nf3 d6 3. d4 cxd4 4. Nxd4 Nf6 5. Nc3 a6 6. Bd3 e5 7. Nde2 h6 8. O-O
Be6 9. f4 Qb6+ 10. Kh1 Ng4 11. f5 Bd7 12. Nd5 Nf2+ 13. Rxf2 Qxf2 14. Nc7+ Kd8
15. Nxa8 Qa7 16. Qg1 Qxa8 17. Qb6+ Kc8 18. Bd2 Nc6 19. Be3 Be7 20. Nc3 Bd8 21.
Qb3 Be8 22. Nd5 Qb8 23. c4 Rf8 24. c5 Be7 25. Rc1 dxc5 26. Nxe7+ Nxe7 27. Bxc5
Kd8 28. Qb6+ Kd7 29. Bxa6 1-0

[Event "Titled Tue 1st Jul Late"]
[Site "chess.com INT"]
[Date "2025.07.01"]
[Round "2"]
[White "Demchenko, Yaroslav"]
[Black "Beerdsen, Thomas"]
[Result "0-1"]
[WhiteTitle "CM"]
[BlackTitle "GM"]
[WhiteElo "2263"]
[BlackElo "2538"]
[WhiteFideId "14186667"]
[BlackFideId "1030108"]
[EventDate "2025.07.01"]

1. e4 e5 2. Nf3 Nc6 3. Nc3 Nf6 4. d4 exd4 5. Nxd4 Bb4 6. Nxc6 bxc6 7. Bd3 d5 8.
Bd2 O-O 9. O-O Rb8 10. Re1 Re8 11. a3 Bd6 12. h3 h6 13. b4 Be5 14. Rb1 Bb7 15.
Qf3 Qd6 16. exd5 cxd5 17. Nb5 Qd7 18. Rxe5 Rxe5 19. Qg3 Re6 20. Nxc7 Nh5 21. Qh2
Rc6 22. Nb5 Re8 23. Nd4 Rf6 24. g4 Re4 25. Bxe4 dxe4 26. c3 Rg6 27. Kf1 e3 28.
Bxe3 Nf6 29. Qb8+ Kh7 30. c4 h5 31. g5 Ne4 32. Qh2 Nd2+ 33. Bxd2 Qxd4 34. Qf4
Qd3+ 0-1